The practice of foreign policy. (Record no. 90087)
[ view plain ]
| 000 -LEADER | |
|---|---|
| fixed length control field | 01061cam a22002651 4500 |
| 001 - CONTROL NUMBER | |
| control field | sd 62000006 |
| 003 - CONTROL NUMBER IDENTIFIER | |
| control field | DLC |
| 005 - DATE AND TIME OF LATEST TRANSACTION | |
| control field | 20260227112736.0 |
| 008 - FIXED-LENGTH DATA ELEMENTS--GENERAL INFORMATION | |
| fixed length control field | 810427r19621962dcu f100 0 eng c |
| 010 ## - LIBRARY OF CONGRESS CONTROL NUMBER | |
| LC control number | sd 62000006 |
| 035 ## - SYSTEM CONTROL NUMBER | |
| System control number | (OCoLC)7368187 |
| 040 ## - CATALOGING SOURCE | |
| Original cataloging agency | U.S. Dept. of State. Library |
| Transcribing agency | GAuA |
| Modifying agency | OCoLC |
| -- | DLC |
| 042 ## - AUTHENTICATION CODE | |
| Authentication code | premarc |
| 043 ## - GEOGRAPHIC AREA CODE | |
| Geographic area code | n-us--- |
| 050 00 - LIBRARY OF CONGRESS CALL NUMBER | |
| Classification number | E841 |
| Item number | .B3 |
| 100 1# - MAIN ENTRY--PERSONAL NAME | |
| Personal name | Ball, George W. |
| 245 14 - TITLE STATEMENT | |
| Title | The practice of foreign policy. |
| Remainder of title | [Address made before the Northwestern Law Alumni Association at Chicago on May 9. |
| 260 ## - PUBLICATION, DISTRIBUTION, ETC. | |
| Place of publication, distribution, etc. | Washington] |
| Name of publisher, distributor, etc. | Dept. of State; [for sale by the Superintendent of Documents, U.S. Govt. Print. Off., |
| Date of publication, distribution, etc. | 1962] |
| 300 ## - PHYSICAL DESCRIPTION | |
| Extent | 13 p. |
| Dimensions | 22 x 10 cm. |
| 490 1# - SERIES STATEMENT | |
| Series statement | [United States.] Dept. of State. Publication |
| Volume/sequential designation | 7396. |
| Series statement | General foreign policy series, |
| Volume/sequential designation | 181 |
| 500 ## - GENERAL NOTE | |
| General note | Cover title. |
| 500 ## - GENERAL NOTE | |
| General note | "Reprinted from the Department of State Bulletin of May 28, 1962." |
| 651 #0 - SUBJECT ADDED ENTRY--GEOGRAPHIC NAME | |
| Geographic name | United States |
| General subdivision | Foreign relations |
| Chronological subdivision | 1961-1963. |
| 830 #0 - SERIES ADDED ENTRY--UNIFORM TITLE | |
| Uniform title | Department of State publication. |
| Name of part/section of a work | General foreign policy series ; |
| Volume/sequential designation | 181. |
No items available.